| 000 | 00347nam a22001457a 4500 | ||
|---|---|---|---|
| 003 | SGT | ||
| 020 | _a9789391787301 | ||
| 082 |
_a340.1150954 _bMAL |
||
| 100 | _aMALIK KRISHNA PAL | ||
| 245 | _aLAW AND SOCIAL TRANSFORMATION IN INDIA | ||
| 250 | _a4 | ||
| 260 |
_aFARIDABAD _bALLAHABAD LAW AGENCY _c2022 |
||
| 300 | _aXXVIII ,596 | ||
| 942 |
_2ddc _cBK |
||
| 999 |
_c24013 _d24013 |
||